000 00782nam a2200241Ia 4500
003 OSt
005 20220923212418.0
006 a|||||r|||| 00| 0
007 ta
008 220922b |||||||| |||| 00| 0 hin d
024 _a152,725
037 _cTextual
040 _aARTS
_cARTS
_bhin
041 _2hin
_ahin
082 _aNRz7, 152L8
100 _aगर्ग, लक्ष्मीनारायण, संपा.
_9162447
245 0 _aनिबन्ध संगीत
246 _aNibandha sangīta
260 _aहाथरस
_b संगीत कार्यालय
_c1978
300 _a631 पृ.
_ccm.
942 _hNRz7, 152L8
_cTEXL
_2CC
999 _c308374
_d308374